01201nam a2200265 a 450000100100000000500170001000800410002702000150006804000250008308200190010810000270012724501280015426000740028230000210035650400740037765000500045165000490050165100450055070000290059570000330062404900090065795201230066695201290078999900170091800002299120200930021922.0101124s1986 ag a r 000 0 spa d a9509432563 aDO-SdBNPbspacBNPHU a341.734bF312d1 aFeld, Werner J.94728410aDisuasión o guerra :blaspolíticas de lo impensable /cWerner J. Feld , John K. Wildgen ; traducción Antonio Bonanno. aBuenos Aires, Argentina :bGrupo Editor Latinoamericano (GEL),c1986. a182 p. :bil. ;. aIncluye referencias bibliográficas y notas al pie de las páginas. 4aControl de armas químicasxCongresos947285 4aControl de armas nuclearesxCongresos947286 4aEstados UnidosxPolítica Militar914961 aWildgen, John K.,9472871 aBonanno, Antonio,etr.99085 aBNGR 001054708MOaGRbGRcCTd2010-11-24iLF1l0o341.734 F312dp22991-10r2020-06-25w2020-06-25y4ZPréstamo en sala 001054728MOaGRbGRcCTd2010-11-24iLF1l0o341.734 F312dp22991-20r2020-06-25te. 2w2020-06-25y4ZPréstamo en sala c22488d22488